000
00332nam a2200145Ia 4500
008
210210b1984 xxu||||| |||| 00| 0 eng d
082
_a
142.78 CAMR
100
_a
CAMUS (Albert).
245
_a
Rebel.
260
_a
N Y
_b
Penguin Books
_c
1984
300
_a
272
650
_a
Existentialism
690
_a
Philosophy
906
_a
042804
999
_c
92555
_d
92555